UBT Library

Understanding food : (Record no. 42344)

000 -LEADER
fixed length control field 00681cam a2200229 a 4500
001 - CONTROL NUMBER
control field 13209128
005 - DATE AND TIME OF LATEST TRANSACTION
control field 20180213034637.0
008 - FIXED-LENGTH DATA ELEMENTS--GENERAL INFORMATION
fixed length control field 030522s2004 caua b 001 0 eng
010 ## - LIBRARY OF CONGRESS CONTROL NUMBER
LC control number 2003107401
020 ## - INTERNATIONAL STANDARD BOOK NUMBER
International Standard Book Number 0534506097
035 ## - SYSTEM CONTROL NUMBER
System control number (DLC) 2003107401
040 ## - CATALOGING SOURCE
Original cataloging agency DLC
Transcribing agency DLC
Modifying agency DLC
041 ## - LANGUAGE CODE
Language code of text/sound track or separate title eng
080 ## - UNIVERSAL DECIMAL CLASSIFICATION NUMBER
Universal Decimal Classification number 612.39 bro
100 1# - Rafti
Rafti 10
101 ## - Shkurtesa
Shkurtesa nut
245 10 - TITLE STATEMENT
Title Understanding food :
Statement of responsibility, etc Amy Brown.
504 ## - BIBLIOGRAPHY, ETC. NOTE
Bibliography, etc Includes bibliographical references and index.
906 ## - LOCAL DATA ELEMENT F, LDF (RLIN)
a 7
b cbc
c origcop
d 2
e epcn
f 20
g y-gencatlg
942 ## - ADDED ENTRY ELEMENTS (KOHA)
Source of classification or shelving scheme
Item type Books
Holdings
Withdrawn status Lost status Source of classification or shelving scheme Damaged status Not for loan Collection code Permanent location Current location Shelving location Date acquired Total Checkouts Full call number Barcode Date last seen Price effective from Koha item type
          Koleksioni i përgjithshem UBT - Lipjan UBT - Lipjan Koleksioni i përgjithshem 02/13/2018   612.39 bro 002-2999150 02/13/2018 02/13/2018 Books
UBT Library © 2015-2024. All rights reserved University Education for Business and Technology